000 00729nam a2200205 i 4500
001 161827
003 ES-MaACL
005 20250804062623.0
008 950206s1871 sp |||| | spa d
080 _a821.134.2-31"18"
100 1 _aPérez Galdós, Benito,
_d1843-1920
_990871
245 1 3 _aEl audaz
_b: historia de un radical de antaño /
_cpor D. Benito Pérez Galdós.
260 _aMadrid :
_b[s.n.],
_c1871 (
_fImp. de José Noguera)
300 _a333 p. ;
_c25 cm.
530 _aDisponible en formato digital.
700 1 _aNoguera, José.
_9130510
852 _aES-MaACL
_jD-3392
_z- Enc. pasta
856 _uhttps://archive.org/details/elaudazhistoriad00prez/page/n8
_zInternet Archive
999 _c161827
_d161827